00325nam a2200121Ia 45000030006000000080041000060400015000471000045000622450058001072600009001655460012001740050017001860STCL150530s9999 xx 000 0 und d aSTCLcSTCL aSuperintendent Government printing India aCalcutta university commission 1917-19 Report Vol XII c1919 aEnglish20220125165725.0